000 00643nam a2200193 i 4500
001 144740
003 ES-MaACL
005 20230906201104.0
007 t|
008 070214s1921 it r ||||1| ita d
100 1 _aSilvestri, Euclide.
_9106444
245 1 0 _aLezioni di idraulica teorica e pratica /
_cEuclide Silvestri ; per cura dell'ing. Mario Ingaramo.
250 _aEd. corredata di numerose figure e tavole numeriche intercalate nel testo.
260 _aTorino :
_bLuigi Avalle,
_c1921.
300 _a888 p. :
_bil. ;
_c24 cm.
650 0 4 _aHidraúlica.
_913334
700 1 _aIngaramo, Mario.
_965275
852 _aES-MaACL
_jB-3949
999 _c144740
_d144740